Logo BPK

Biblioteka

Politechniki Koszalińskiej

Texte zur Geschichte der Poetik in Deutschland : (Rekord nr 50317)

Szczegóły MARC
000 -ETYKIETA REKORDU
podpole kontrolne o stałej długości 00581nam a2200205 i 4500
001 - NUMER KONTROLNY REKORDU
pole kontrolne bgj
020 ## - MIĘDZYNARODOWY ZNORMALIZOWANY NUMER KSIĄŻKI - ISBN
ISBN 3534086066
040 ## - ŹRÓDŁO KATALOGOWANIA
Instytucja, która utworzyła rekord BPK
041 0# - KOD JĘZYKA
Kod języka tekstu ger
044 ## - KOD KRAJU WYDAWCY/PRODUCENTA
Kod kraju wydawcy/producenta DEU
080 ## - UNIWERSALNA KLASYFIKACJA DZIESIĘTNA - UKD
UKD 82
920 ## - Międzynarodowy znormalizowany numer książki – ISBN
ISBN 3-534-08606-0
008 - POLE O STAŁEJ DŁUGOŚCI - DANE KONTROLNE
podpole kontrolne o stałej długości s gw f |000 0 ger
245 10 - TYTUŁ/ODPOWIEDZIALNOŚĆ
Tytuł Texte zur Geschichte der Poetik in Deutschland :
Ciąg dalszy tytułu von M. Opitz bis A. W. Schlegel /
Pozostałe elementy strefy tytułu i oznaczenia odpowiedzialności ausgewahlt von Hans Gerd Rötzer.
260 ## - STREFA ADRESU WYDAWNICZEGO
Miejsce wydania Darmstad :
Nazwa wydawcy/dystrybutora Wissenschaftliche Buchgesselschaft,
Data publikacji, dystrybucji/powstania dokumentu 1982.
300 ## - STREFA OPISU FIZYCZNEGO
Objętość 421 s. ;
Rozmiary 22 cm.
650 9# - HASŁO PRZEDMIOTOWE W FORMIE NAZWY OGÓLNEJ LUB JEDNOSTKOWEJ
Nazwa ogólna lub geograficzna Literatura
700 1# - HASŁO DODATKOWE - NAZWA OSOBOWA
Nazwa osobowa RÖTZER, Hans Gerd.
856 ## - LOKALIZACJA I DOSTĘP DO ELEKTRONICZNYCH DOKUMENTÓW ZDALNYCH
Link (URL) http://koha.tu.koszalin.pl/cgi-bin/koha/opac-detail.pl?biblionumber=50317
Tekst linku Katalog online BPK
942 ## - DODATKOWE ELEMENTY (KOHA)
Typ dokumentu Książka
Egzemplarze
Wycofany Status egzemplarza Uszkodzony Dostępność Lokalizacja stała Lokalizacja bieżąca Miejsce przechowywania Sygnatura Kod kreskowy Typ dokumentu
      Tylko na miejscu Biblioteka Politechniki Koszalińskiej Biblioteka Politechniki Koszalińskiej Czytelnia Wydziałowa ul. Kwiatkowskiego 6e N 209 02120188 Książka
© 2023 Biblioteka Politechniki Koszalińskiej :: KOHA